900 Jahre Schlacht bei Mailberg

Titel: 900 Jahre Schlacht bei Mailberg : Sonderausstellung im Schloss Mailberg, 1. Mai - 3. Oktober 1982 / [wiss. Planung u. Katalog Leopold Auer]
Verfasser:
Körperschaft:
Ausgabe: 1. Aufl.
Veröffentlicht: Mailberg : Arbeitsgemeinschaft Maltesermuseum, [1982]
Umfang: 56, [22] S. : Ill., Kt. ; 24 cm
Format: Buch
Sprache: Deutsch
Schriftenreihe/
mehrbändiges Werk:
Schriftenreihe des Maltesermuseums Mailberg ; Bd. 7
Schlagworte:
Kein Bild verfügbar
X
Lokale Klassifikation: 21 8 M 14 ; 21 14 B
alg: 7633127
001A    $06000:05-07-99 
001B    $01999:12-05-23 $t22:27:57.000 
001C    $06002:02-03-06 $t14:36:08.000 
001D    $03004:31-01-06 
001U    $0utf8 
001X    $00 
002@    $0Aau 
003@    $007633127X 
003O    $039964721 $aOCoLC 
007G    $0DE0202DCF5C2E43D19D31C1257C200051221D 
007T    $0Herdhh07633127X 
009P    $qapplication/pdf $A2 $3Inhaltsverzeichnis $uhttp://scans.hebis.de/HEBCGI/show.pl?07633127_toc.pdf $mV:DE-603;B:DE-Mb50 
010@    $ager 
011@    $a1982 $n[1982] 
021A    $a900 Jahre Schlacht bei Mailberg $dSonderausstellung im Schloss Mailberg, 1. Mai - 3. Oktober 1982 $h[wiss. Planung u. Katalog Leopold Auer] 
027A    $aNeunhundert Jahre Schlacht bei Mailberg 
028A    $#Auer, Leopold $D20220215 $Ecgwrk $7133677842 $8Auer, Leopold$Z1944- [Tp1] $9192518526 
029F    $RMaltesermuseum Mailberg $71047267-8 $8Arbeitsgemeinschaft Maltesermuseum Mailberg [Tb1] $9042157609 
032@    $a1. Aufl. 
033A    $pMailberg $nArbeitsgemeinschaft Maltesermuseum 
034D    $a56, [22] S. 
034I    $a24 cm 
034M    $aIll., Kt. 
036E    $aSchriftenreihe des Maltesermuseums Mailberg $lBd. 7 
036F    $x17 $8Schriftenreihe des Maltesermuseums Mailberg $9001963473 $l7 
044F    $bMailberg 
044F    $bMailberg 
044F    $aSchlacht bei Mailberg / Ausstellung 
044F    $aJahrhundert, 11. / Wehr- und Kriegswesen / Ausstellung 
045E    $a21 
045F    $a355.009436 $eDDC23BSB 
045F/01 $a355.009 
045F/03 $g436 

lok: 7633127 24
101B    $023-02-06 $t08:31:19.000 
101C    $023-02-06 
145Z/01 $a21 8 M 14 
145Z/02 $a21 14 B 
101U    $0utf8 

exp: 7633127 24 1 #EPN
201B/01 $031-01-06 $t14:45:43.000 
201C/01 $031-01-06 
203@/01 $0345641493 
208@/01 $a31-01-06 $bz 
209A/01 $a06.0669 $du $f050 $h06 0669 $x00 
209C/01 $a06.0669 K $h06 0669 K 
209G/01 $a71284158 $x00 
220C/01 $aHsz 
247C/01 $8358050-7 Marburg, Bibliothek des Herder-Instituts Marburg $9102600961 
201U/01 $0utf8 

lok: 7633127 78

exp: 7633127 78 1 #EPN
201B/01 $019-04-17 $t17:13:06.000 
201U/01 $0utf8 
203@/01 $0792883713 
208@/01 $a12-11-16 $be 
209A/01 $a/ $f000 $x00 
237A/01 $aweiterführende Signatur(en): Herder-Institut: 06.0669 
244Z/01 $2Trx $8--Trx--Monographie $x01 $9391384546 
247C/01 $82080>Marburg/Lahn, Herder-Institut, Forschungsbibliothek, Bibliographieportal $9336309341
LEADER 00000cam a2200000 c 4500
001 07633127X
003 DE-603
005 20230512222757.0
007 tu
008 990705s1982 xx |||| | u00||u|ger c
035 |a (DE-599)HEB07633127X 
035 |a (OCoLC)39964721 
040 |a DE-603  |b ger  |c DE-603  |d DE-603 
041 |a ger 
082 0 4 |8 1\u  |a 355.009436  |q DE-101  |2 23/BSB 
084 |a 21  |q DE-101  |2 sdnb 
085 |8 1\u  |b 355.009 
085 |8 1\u  |z 2  |s 436 
100 1 |a Auer, Leopold  |d 1944-  |0 (DE-603)192518526  |0 (DE-588)133677842  |2 gnd 
245 0 0 |a 900 Jahre Schlacht bei Mailberg  |b Sonderausstellung im Schloss Mailberg, 1. Mai - 3. Oktober 1982  |c [wiss. Planung u. Katalog Leopold Auer] 
246 1 3 |a Neunhundert Jahre Schlacht bei Mailberg 
250 |a 1. Aufl. 
264 1 |a Mailberg  |b Arbeitsgemeinschaft Maltesermuseum  |c [1982] 
300 |a 56, [22] S.  |b Ill., Kt.  |c 24 cm 
490 1 |a Schriftenreihe des Maltesermuseums Mailberg  |v Bd. 7 
650 7 |a Schlacht bei Mailberg / Ausstellung  |2 local 
650 7 |a Jahrhundert, 11. / Wehr- und Kriegswesen / Ausstellung  |2 local 
651 7 |a Mailberg  |2 local 
651 7 |a Mailberg  |2 local 
710 2 |a Arbeitsgemeinschaft Maltesermuseum Mailberg  |0 (DE-603)042157609  |0 (DE-588)1047267-8  |2 gnd 
810 2 2 |a Maltesermuseum Mailberg  |t Schriftenreihe des Maltesermuseums Mailberg  |v 7  |w (DE-603)001963473  |w (DE-600)553457-4  |9 17  |7 as 
856 4 2 |m V:DE-603;B:DE-Mb50  |q application/pdf  |u http://scans.hebis.de/HEBCGI/show.pl?07633127_toc.pdf  |3 Inhaltsverzeichnis 
924 0 |9 Mb 50  |a (DE-603)345641493  |b DE-Mb50  |c HES  |d c  |g 06.0669 
924 0 |9 2080  |a (DE-603)792883713  |b DE-2080  |c HES  |d d  |g /